000 00419nam a2200181Ia 4500
003 0STCL
008 150530s9999 xx 000 0 und d
040 _aSTCL
_cSTCL
100 _aEvoor Parameswaran
245 _aPaschatya balakathakal
250 _a2
260 _bCurrent Book; Thrissur
_c2008
_aThrissur
300 _a0
546 _aMalayalam
942 _2ddc
_cBK
999 _c76711
_d76711
005 20220125171632.0